000 01111cam a2200337 a 4500
001 9122
003 FISKH
005 20251124101918.0
008 080401s2008 nyua j 000 1 eng
010 _a 2008004528
020 _a9780448448961
_qpbk.
035 _a15241754
040 _aDLC
_cDLC
_dDLC
_beng
050 _aPZ7 .S685134
082 _a 813.6
100 _aWells, Rosemary
245 0 0 _aSnow bunny tales /
260 _aNew York :
_bGrosset & Dunlap,
_c2002.
300 _a48 pages :
_bcolor illustrations ;
_c21 cm
500 _aAt head of title: Max & Ruby.
500 _a"Based upon the animated series Max & Ruby"--Copyright p.
505 _aJ
520 _aBased on the Nick Jr. animated show, this special three-in-one book contains three short stories in which Max and Ruby engage in fun wintertime activities.
521 8 _a500
_bLexile estimate
521 8 _aJ
_bRaz-Plus
650 _aAnimals
_vRabbits
_xSnow winter
730 0 _aMax & Ruby (Television program)
906 _a7
_bcbc
_corignew
_d1
_eecip
_f20
_gy-gencatlg
942 _2ddc
_cBK
_n0
999 _c9122
_d9122